000 00859nmc a2200301 a 4500
003 AR-BaBNM
005 20251128203927.0
008 295119s1989 ||||||||||||||000 | spa||
020 _a950-582-261-3
040 _cAR-BaBNM
100 1 _aAnder-Egg, Ezequiel
245 1 0 _aHacia una pedagogía autogestionaria
260 _aBuenos Aires
_bHumanitas
_c1989
300 0 _a222 p.
490 0 _aGuidance
504 _aContiene referencias bibliográficas al final de cada capítulo
650 4 _aPEDAGOGIA
650 4 _aAUTOGESTION
650 4 _aSOCIOLOGIA DE LA EDUCACION
650 4 _aREFORMA DE LA EDUCACION
650 4 _aPROGRAMAS UNIVERSITARIOS
650 4 _aTALLERES [METODO PEDAGOGICO]
650 4 _aPOLITICA EDUCATIVA
651 4 _aAmérica Latina
800 1 _aSierra de Villaverde, Sela
_edirector
942 _cBK
998 _cMARTIN
999 _c5497
_d5497